Za výzvou velehor. : Čeští horolezci na osmitisícovkách. /

Uložené v:
Podrobná bibliografia
Hlavný autor: Vranka, Milan (Author)
Médium: Kniha
Jazyk:Czech
Slovak
Vydané: Praha : Olympia, nakladatelství, a.s., 1997
Vydanie:1. vyd.
Témy:
ISBN: 8070334665 (viaz.)
Fyzický popis: 110 s.
Tagy: Pridať tag
Žiadne tagy, Buďte prvý kto otaguje tento záznam!

MARC

LEADER 00000nam a2200000 a 4500
001 000081908
003 SVKK
005 20010516000000.0
008 010410s1997 cs e czeo
020 |a 8070334665 (viaz.) 
040 |a SVKKK  |b slo  |c SVKKK  |e AACR2 
041 1 |a cze  |h slo 
044 |a cs  |c CS 
080 |a 796.52(235.243)  |2 1997 
080 |a 910.4:796.52(235.243)  |2 1997 
080 |a 885.0-992 Vranka, M.  |2 1997 
100 1 |a Vranka, Milan  |4 aut 
245 1 0 |a Za výzvou velehor. :  |b Čeští horolezci na osmitisícovkách. /  |c Milan Vranka 
250 |a 1. vyd. 
260 |a Praha :  |b Olympia, nakladatelství, a.s.,  |c 1997 
300 |a 110 s. 
653 0 |a horolezci českí  |2 SVKKKPH 
653 0 |a horolezectvo  |2 SVKKKPH 
653 0 |a Himaláje  |2 SVKKKPH 
653 0 |a expedície  |2 SVKKKPH 
653 0 |a cestopisy  |2 SVKKKPH 
655 7 |a príručky  |2 SVKKKPH 
910 |a svkkk 
919 |a 80-7033-466-5 
974 |a MI  |d 20010504 
974 |a KL  |d 20010423 
974 |a TI  |d 20010516 
998 |a BK 
090 |g SCKHL  |k Sklad Zvonárska 19  |a XI.199  |j 939245  |i 2720263134  |s Vyradená